00491nam a2200169Ia 450000100060000000300040000600500170001000800410002702000180006804000130008608200230009910000230012224501040014526000540024930000110030354600070031440742OSt20171013115815.0140424s9999 xx 000 0 und d a9780195476682 cPK-LaUMT a307.141209PbSHO-A aShoaib Sultan Khan 4aThe Agha Khan rural support programmeba journey through grassroots developmentcShoaib Sultan Khan aKarachi,Pakistan:bOxford University Press,c2009 a502 p. aEN